000
00339nam a2200145Ia 4500
005
20250318022948.0
008
240331s9999 xx 000 0 und d
082
_b
KRI
_a
894
100
_a
Krishnan, R
245
0
_a
Maari marip pinnum
260
_a
Chennai
_b
Dhagam
_c
1996
300
_a
284 p .,
650
_a
Tamil Social Novel
942
_c
L
999
_c
4030
_d
4030